[Event "Bastia Cup"]
[Site "Bastia"]
[Date "1999.12.04"]
[Round "2.2"]
[White "Akopian, Vladimir"]
[Black "Rublevsky, Sergei"]
[Result "1/2-1/2"]
[WhiteElo "2646"]
[BlackElo "2660"]
[PlyCount "156"]
[EventDate "1999.11.??"]
[Source "ChessBase"]
[SourceDate "2000.01.11"]

1. Nf3 d5 2. g3 Bg4 3. Bg2 Nd7 4. O-O e5 5. d3 Ngf6 6. Qe1 Be7 7. e4 dxe4 8. dxe4 O-O 9. Nbd2 Re8 10. h3 Bh5 11. Nc4 Bf8 12. a4 c6 13. Nh4 Nc5 14. b3 b5 15. Na5 Qc7 16. axb5 cxb5 17. Bg5 Nfd7 18. Nf5 Ne6 19. Be3 Qxc2 20. g4 Bg6 21. Rc1 Qb2 22. Rb1 Qa3 23. Ra1 Qb4 24. Qxb4 Bxb4 25. Nc6 a5 26. Nxb4 axb4 27. Nd6 Rxa1 28. Rxa1 Rb8 29. Bd2 Ndc5 30. Bxb4 Nxb3 31. Rb1 Nbd4 32. Nf5 f6 33. Bf1 Be8 34. Bc3 Nxf5 35. exf5 Nf4 36. Bb4 h5 37. Bd2 h4 38. f3 Bc6 39. Kf2 Nd5 40. Bc4 Kh7 41. Bxd5 Bxd5 42. Ke3 Ra8 43. Rxb5 Ra3+ 44. Kf2 Bxf3 45. g5 fxg5 46. Bxg5 Bc6 47. Rc5 Rf3+ 48. Ke2 Rxf5 49. Bxh4 Bf3+ 50. Kd2 Rh5 51. Bg3 Rxh3 52. Bxe5 g5 53. Ke3 Kg6 54. Kf2 Be4 55. Bg3 Rh1 56. Re5 Bf5 57. Re1 Rh7 58. Ra1 Rb7 59. Ra2 Kh5 60. Rd2 Kg4 61. Be5 Kh3 62. Rb2 Rd7 63. Rb3+ Kh4 64. Rb4+ Kh5 65. Rb2 Rd3 66. Rb4 Ra3 67. Bb2 Ra2 68. Kg3 Bd3 69. Rb6 Ra4 70. Bg7 Bg6 71. Bb2 Rg4+ 72. Kf2 Be4 73. Rb4 Rg2+ 74. Kf1 Bf3 75. Rb3 Kg4 76. Bf6 Rc2 77. Rc3 Ra2 78. Rc5 Kf4 1/2-1/2

[Event "It (Open) INT"]
[Site "?"]
[Date "2006.05.06"]
[Round "?"]
[White "Moskvin Vladimir"]
[Black "Ovetchkin Roman"]
[Result "1-0"]
[WhiteElo "2665"]
[BlackElo "2548"]
[PlyCount "67"]
[EventDate "2006.??.??"]
[Source "www.chesslib.no"]
[SourceDate "2004.05.04"]

1. Nf3 d5 2. g3 Bg4 3. Bg2 Nd7 4. O-O c6 5. d3 e6 6. Nbd2 Bc5 7. e4 Ne7 8. Qe1 O-O 9. h3 Bh5 10. Nh2 f5 11. Nb3 fxe4 12. dxe4 Bb6 13. Be3 Bf7 14. Rd1 Bxe3 15. Qxe3 Qb6 16. Rfe1 Rfe8 17. Qc3 a5 18. a3 a4 19. Nd4 e5 20. Nf5 Nxf5 21. exf5 d4 22. Qb4 c5 23. Qd2 Nf6 24. c3 Rad8 25. Ng4 Bb3 26. Rc1 Nxg4 27. hxg4 d3 28. c4 Rd4 29. Re4 Red8 30. Rxe5 Bxc4 31. Rxc4 Rxc4 32. Bd5+ Rxd5 33. Rxd5 Rd4 34. Re5 1-0

[Event "Romania"]
[Site "?"]
[Date "2004.??.??"]
[Round "?"]
[White "Badea, B."]
[Black "Nisipeanu, L._D."]
[Result "0-1"]
[WhiteElo "2505"]
[BlackElo "2690"]
[PlyCount "104"]
[EventDate "2004.??.??"]
[Source "Chess Informant"]
[SourceDate "2004.02.01"]

1. Nf3 d5 2. g3 Bg4 3. Bg2 Nd7 4. c4 e6 5. Qa4 c6 6. cxd5 Bxf3 7. Bxf3 exd5 8. d3 Ngf6 9. Bg2 Bd6 10. Nd2 O-O 11. Nf3 Re8 12. e3 Ne5 13. Nxe5 Bxe5 14. O-O Qd7 15. Rb1 h5 16. e4 dxe4 17. dxe4 h4 18. Bg5 hxg3 19. hxg3 Qg4 20. Bxf6 Bxf6 21. Rfd1 Rad8 22. Qb3 Bd4 23. Rd2 Bb6 24. Rbd1 Rxd2 25. Rxd2 Re6 26. Qc3 Qg5 27. b4 a5 28. a3 a4 29. Kf1 Qe7 30. Bf3 Rf6 31. Bg2 Rd6 32. Bf3 Rxd2 33. Qxd2 Qe5 34. Kg2 g6 35. Qd3 Qb2 36. Be2 Bd4 37. f4 Kg7 38. e5 b6 39. Kh3 c5 40. bxc5 bxc5 41. Bd1 Qa1 42. Qc2 Qxa3 43. Qxa4 Qd3 44. Kg4 Qe4 45. Bc2 Qh1 46. f5 Qh5+ 47. Kf4 g5+ 48. Ke4 Qe2+ 49. Kd5 Qxe5+ 50. Kc6 Qxg3 51. Be4 Qe5 52. Qc2 c4 0-1

[Event "ROM-chT"]
[Site "Eforie Nord"]
[Date "2000.12.18"]
[Round "1"]
[White "Badea, Bela"]
[Black "Bologan, Viktor"]
[Result "1/2-1/2"]
[WhiteElo "2480"]
[BlackElo "2641"]
[PlyCount "158"]
[EventDate "2000.12.18"]
[Source "ChessBase"]
[SourceDate "2001.03.20"]

1. Nf3 d5 2. g3 Bg4 3. Bg2 Nd7 4. O-O e6 5. d3 Bd6 6. Nbd2 Ne7 7. e4 O-O 8. h3 Bh5 9. c4 a5 10. Qc2 dxe4 11. Nxe4 Bxf3 12. Bxf3 Ne5 13. Bg2 N7c6 14. Be3 Be7 15. Rad1 Nd4 16. Bxd4 Qxd4 17. Nc3 Rad8 18. b3 Qb6 19. Na4 Qa7 20. c5 Rd4 21. Rfe1 Bf6 22. c6 b5 23. Nc5 Rfd8 24. Kh2 h5 25. Kh1 h4 26. g4 Ng6 27. Nd7 Rf4 28. Re2 Bd4 29. Rf1 Bf6 30. Re4 Rxe4 31. dxe4 e5 32. Qd3 Be7 33. Qxb5 Bd6 34. Kg1 Nf4 35. Rd1 Ne6 36. Qc4 Bc5 37. Rd2 Bd4 38. Kf1 Kh8 39. Bf3 Qa8 40. Bg2 Qa7 41. Bf3 Re8 42. Bg2 Qa8 43. Qb5 Nd8 44. Rc2 Re6 45. Qb8 Qxb8 46. Nxb8 Ba7 47. Rd2 Nxc6 48. Nxc6 Rxc6 49. Ke2 Kh7 50. Bf1 Kg6 51. Kf3 Kg5 52. Kg2 Rc3 53. Bc4 f6 54. a4 Bd4 55. Bf7 Kf4 56. Re2 Kg5 57. Bc4 Kh6 58. Rd2 g6 59. Be6 Kg7 60. Bc4 Kf8 61. Rd3 Rc2 62. Rf3 Ke7 63. Kf1 Rc1+ 64. Ke2 c6 65. Kd2 Rh1 66. Ke2 Bb6 67. Bd3 Bd4 68. Bc4 g5 69. Bg8 Kd7 70. Bc4 Kc7 71. Bf7 Kb6 72. Be8 Kc5 73. Bd7 Kd6 74. Be8 Kc7 75. Bf7 Kd7 76. Bc4 Ke7 77. Ba6 Bc5 78. Bc4 Bb4 79. Re3 Kd6 1/2-1/2

[Event "Jugoslavija 85/1"]
[Site "?"]
[Date "2002.??.??"]
[Round "?"]
[White "Benkovic, P."]
[Black "Fressinet, L."]
[Result "1-0"]
[WhiteElo "2473"]
[BlackElo "2606"]
[PlyCount "79"]
[EventDate "2002.??.??"]
[Source "Chess Informant"]
[SourceDate "2002.06.01"]

1. Nf3 d5 2. g3 Bg4 3. Bg2 Nd7 4. O-O e5 5. d3 Ngf6 6. Nbd2 Bc5 7. h3 Bh5 8. e4 O-O 9. Qe1 Re8 10. Nh4 c6 11. a4 Bb4 12. c3 Bf8 13. b4 a5 14. Nb3 axb4 15. cxb4 Qb6 16. Bd2 Qa6 17. g4 Qxd3 18. Nc1 Qc4 19. gxh5 Nxe4 20. Bxe4 dxe4 21. Qe2 Qe6 22. Qg4 Qd5 23. Bg5 Nb6 24. Ne2 Qe6 25. Qxe4 Qxh3 26. Ng3 h6 27. Be3 Nd5 28. Nhf5 Bxb4 29. Rfb1 Bc3 30. Ra3 b5 31. Bc5 b4 32. Ra2 Ra5 33. f3 Rxc5 34. Rh2 Bd4+ 35. Kh1 Nc3 36. Rxh3 Nxe4 37. Nxe4 Rc2 38. Rg3 Kf8 39. Rxg7 Re6 40. Rxb4 1-0

[Event "Tch (Men) 2005/2006 CRO"]
[Site "?"]
[Date "2006.05.13"]
[Round "4.1"]
[White "Dizdar Goran"]
[Black "Pavasovic Dusko"]
[Result "0-1"]
[WhiteElo "2541"]
[BlackElo "2534"]
[PlyCount "82"]
[EventDate "2006.??.??"]
[Source "www.chesslib.no"]
[SourceDate "2004.05.04"]

1. Nf3 d5 2. g3 Bg4 3. Bg2 Nd7 4. c4 e6 5. cxd5 exd5 6. O-O Ngf6 7. d3 c6 8. h3 Bxf3 9. Bxf3 Bc5 10. Nd2 O-O 11. Qc2 Re8 12. Nb3 Bb6 13. a4 a6 14. a5 Ba7 15. e3 h5 16. Bg2 Ne5 17. Bd2 Qd6 18. Ra4 Rac8 19. Bc3 Ned7 20. Nd4 c5 21. Nf5 Qe6 22. e4 Ne5 23. b3 Rcd8 24. Kh1 dxe4 25. dxe4 Nc6 26. Rd1 Rxd1+ 27. Qxd1 Rd8 28. Qc1 Nd4 29. Bxd4 cxd4 30. Qg5 g6 31. Nh6+ Kh7 32. Kh2 Rd7 33. e5 Ng8 34. Nxg8 Kxg8 35. Rc4 d3 36. Bf3 d2 37. Bd1 Bxf2 38. Qh6 Rd8 39. Qg5 Rd3 40. Qh6 Bxg3+ 41. Kg2 Bxe5 0-1

[Event "Qualifier for the PCA INTEL Sp"]
[Site "Qualifier for the PCA INTEL S"]
[Date "1994.??.??"]
[Round "?"]
[White "Speelman, Jonathan S"]
[Black "Sharif, Mershad"]
[Result "1-0"]
[WhiteElo "2605"]
[BlackElo "2455"]
[PlyCount "45"]
[EventDate "1994.??.??"]
[Source "www.chesslib.no"]
[SourceDate "2004.05.04"]

1. Nf3 d5 2. g3 Bg4 3. Bg2 Nd7 4. O-O e6 5. d4 Ngf6 6. Nbd2 Be7 7. Re1 Bf5 8. Nh4 Bg4 9. c4 c6 10. Qb3 Qb6 11. h3 Bh5 12. g4 Bg6 13. Nxg6 hxg6 14. e4 dxe4 15. Nxe4 Nxe4 16. Rxe4 Nf6 17. Re1 Qc7 18. d5 exd5 19. cxd5 Nxd5 20. Bxd5 cxd5 21. Bg5 f6 22. Rac1 Qd7 23. Bf4 1-0

[Event "EUCup Gr4"]
[Site "EUCup Gr4 Berlin"]
[Date "1996.??.??"]
[Round "1"]
[White "Karlsson, Lars C-G"]
[Black "Gurevich, Mikhail N"]
[Result "1/2-1/2"]
[WhiteElo "2465"]
[BlackElo "2590"]
[PlyCount "75"]
[EventDate "1996.??.??"]
[Source "www.chesslib.no"]
[SourceDate "2004.05.04"]

1. Nf3 d5 2. g3 Bg4 3. Bg2 Nd7 4. O-O c6 5. d4 e6 6. b3 Ngf6 7. c4 a5 8. Nc3 Be7 9. Bb2 Qb6 10. Ne5 Nxe5 11. dxe5 Nd7 12. cxd5 cxd5 13. Qd2 O-O 14. e4 d4 15. Na4 Qd8 16. Bxd4 Nxe5 17. Qe3 b5 18. Bxe5 bxa4 19. bxa4 f6 20. Bc3 e5 21. Rab1 Qd6 22. Bf3 Bh3 23. Rfc1 Be6 24. Rb6 Qd7 25. Be2 Ba3 26. Rcb1 Rfc8 27. Bb5 Qe7 28. Rc6 Qd8 29. Rd1 Qd7 30. Qc1 Qa7 31. Rf1 Be7 32. a3 Rf8 33. Qe1 Rfd8 34. Qe2 Bd6 35. g4 Bxg4 36. Qd2 Bh3 37. Be2 Bb4 38. Rxf6 1/2-1/2